[Event "FIDE WCC 2018"]
[Site "Khanty-Mansiysk"]
[Date "2018.11.10"]
[Round "3.2"]
[White "Stefanova, Antoaneta"]
[Black "Muzychuk, Anna"]
[Result "1-0"]
[WhiteElo "2490"]
[BlackElo "2564"]
[Annotator "ChessBase"]
[PlyCount "95"]
[EventDate "2018.11.03"]
[EventType "k.o."]
[EventCountry "RUS"]
[SourceTitle "playchess.com"]
[Source "ChessBase"]
[SourceQuality "1"]
[TimeControl "40/5400+30:1800+30"]

1. d4 {[%emt 0:00:00]} d5 {[%emt 0:00:00]} 2. Bf4 {[%emt 0:00:00]} Nf6 {[%emt 0:00:35]} 3. e3 {[%emt 0:00:49]} e6 {[%emt 0:04:29]} 4. Nd2 {[%emt 0:02:46]} c5 {[%emt 0:02:26]} 5. c3 {[%emt 0:09:24]} Nc6 {[%emt 0:00:20]} 6. Ngf3 {[%emt 0:08:14]} Bd6 {[%emt 0:00:37]} 7. Bg3 {[%emt 0:00:51]} O-O {[%emt 0:00:34]} 8. Bd3 {[%emt 0:04:15]} b6 {[%emt 0:01:09]} 9. e4 {[%emt 0:08:42]} Be7 {[%emt 0:05:46]} 10. e5 {[%emt 0:05:44]} Nh5 {[%emt 0:01:26]} 11. a3 {[%emt 0:04:00]} a5 {[%emt 0:05:56]} 12. Qe2 {[%emt 0:01:20]} Bb7 {[%emt 0:01:15]} 13. h4 {[%emt 0:21:19]} Nxg3 {[%emt 0:22:41]} 14. fxg3 {[%emt 0:00:06]} h6 {[%emt 0:02:37]} 15. h5 {[%emt 0:12:27]} Bg5 {[%emt 0:05:40]} 16. O-O {[%emt 0:11:35]} Qe7 {[%emt 0:23:09]} 17. Nxg5 {[%emt 0:01:07]} Qxg5 {[%emt 0:01:16]} 18. Rf4 {[%emt 0:00:20]} cxd4 {[%emt 0:08:06]} 19. cxd4 {[%emt 0:00:45]} f5 {[%emt 0:01:13]} 20. exf6 {[%emt 0:02:57]} e5 {[%emt 0:01:04]} 21. dxe5 {[%emt 0:02:46]} Qxe5 {[%emt 0:00:09]} 22. fxg7 {[%emt 0:00:52]} Rxf4 {[%emt 0:02:54]} 23. gxf4 {[%emt 0:00:06]} Qxg7 {[%emt 0:00:36]} 24. Qe6+ {[%emt 0:00:56]} Kh8 {[%emt 0:00:04]} 25. Kh1 {[%emt 0:00:14]} Rf8 {[%emt 0:02:29]} 26. Rf1 {[%emt 0:00:35]} Rf6 {[%emt 0:00:39]} 27. Qe8+ {[%emt 0:00:27]} Rf8 {[%emt 0:00:16]} 28. Qe6 {[%emt 0:00:34]} Ne7 {[%emt 0:01:16]} 29. Qxb6 {[%emt 0:00:22]} Nf5 {[%emt 0:02:35]} 30. Bxf5 {[%emt 0:00:48]} Rxf5 {[%emt 0:00:06]} 31. Qg6 {[%emt 0:00:23]} d4 {[%emt 0:00:14]} 32. Kg1 {[%emt 0:00:36]} Rxh5 {[%emt 0:00:11]} 33. Qxg7+ {[%emt 0:00:15]} Kxg7 {[%emt 0:00:02]} 34. b4 {[%emt 0:00:26]} axb4 {[%emt 0:03:04]} 35. Rb1 {[%emt 0:00:04]} Ra5 {[%emt 0:00:16]} 36. Rxb4 {[%emt 0:00:28]} Bc6 {[%emt 0:00:15]} 37. Nc4 {[%emt 0:00:47]} Ra7 {[%emt 0:00:50]} 38. Kf2 {[%emt 0:00:20]} Bd5 {[%emt 0:02:06]} 39. Nb6 {[%emt 0:00:47]} Bc6 {[%emt 0:00:18]} 40. Nc4 {[%emt 0:00:00]} d3 {[%emt 0:00:00]} 41. g3 {[%emt 0:06:37]} d2 {[%emt 0:13:49]} 42. Ke2 {[%emt 0:04:29]} Bd5 {[%emt 0:01:21]} 43. a4 {[%emt 0:06:18]} Bxc4+ {[%emt 0:07:26]} 44. Rxc4 {[%emt 0:00:05]} Rd7 {[%emt 0:00:12]} 45. Kd1 {[%emt 0:00:06]} Rd3 {[%emt 0:02:05]} 46. g4 {[%emt 0:00:15]} Rd5 {[%emt 0:00:46]} 47. Rc3 {[%emt 0:09:45]} Rd4 {[%emt 0:06:33]} 48. Ra3 {[%emt 0:00:12]} 1-0

[Event "FIDE WCC 2018"]
[Site "Khanty-Mansiysk"]
[Date "2018.11.10"]
[Round "3.2"]
[White "Abdumalik, Zhansaya"]
[Black "Zawadzka, Jolanta"]
[Result "1-0"]
[WhiteElo "2473"]
[BlackElo "2407"]
[Annotator "ChessBase"]
[PlyCount "85"]
[EventDate "2018.11.03"]
[EventType "k.o."]
[EventCountry "RUS"]
[SourceTitle "playchess.com"]
[Source "ChessBase"]
[SourceQuality "1"]
[TimeControl "40/5400+30:1800+30"]

1. e4 {[%emt 0:00:00]} e5 {[%emt 0:00:00]} 2. Nf3 {[%emt 0:00:00]} Nc6 {[%emt 0:00:00]} 3. Bb5 {[%emt 0:00:00]} a6 {[%emt 0:00:00]} 4. Ba4 {[%emt 0:00:03]} d6 {[%emt 0:00:02]} 5. d4 {[%emt 0:05:09]} b5 {[%emt 0:01:30]} 6. Bb3 {[%emt 0:00:08]} Nxd4 {[%emt 0:00:19]} 7. Nxd4 {[%emt 0:01:42]} exd4 {[%emt 0:00:06]} 8. c3 {[%emt 0:02:32]} dxc3 {[%emt 0:02:11]} 9. O-O {[%emt 0:12:35]} Be7 {[%emt 0:09:44]} 10. Qh5 {[%emt 0:04:30]} g6 {[%emt 0:01:31]} 11. Qd5 {[%emt 0:00:06]} Be6 {[%emt 0:00:34]} 12. Qc6+ {[%emt 0:00:05]} Bd7 {[%emt 0:01:08]} 13. Qxc3 {[%emt 0:00:13]} Bf6 {[%emt 0:14:57]} 14. Qf3 {[%emt 0:06:15]} Be6 {[%emt 0:01:43]} 15. a4 {[%emt 0:07:26]} Rb8 {[%emt 0:06:02]} 16. axb5 {[%emt 0:11:41]} axb5 {[%emt 0:00:10]} 17. Rd1 {[%emt 0:00:36]} Bg7 {[%emt 0:17:27]} 18. Bxe6 {[%emt 0:16:21]} fxe6 {[%emt 0:00:06]} 19. Nc3 {[%emt 0:03:06]} b4 {[%emt 0:06:52]} 20. Ne2 {[%emt 0:00:31]} Qf6 {[%emt 0:01:51]} 21. Qb3 {[%emt 0:02:25]} Ne7 {[%emt 0:07:24]} 22. Nf4 {[%emt 0:00:27]} O-O {[%emt 0:00:50]} 23. Qxe6+ {[%emt 0:02:26]} Rf7 {[%emt 0:01:05]} 24. Ra7 {[%emt 0:02:59]} Rc8 {[%emt 0:02:11]} 25. Qc4 {[%emt 0:01:22]} c5 {[%emt 0:05:02]} 26. Rd7 {[%emt 0:01:03]} d5 {[%emt 0:01:43]} 27. exd5 {[%emt 0:01:05]} Qf5 {[%emt 0:00:38]} 28. Ra7 {[%emt 0:01:41]} Bd4 {[%emt 0:04:07]} 29. Re1 {[%emt 0:02:15]} Be5 {[%emt 0:04:21]} 30. Nd3 {[%emt 0:02:28]} Bd6 {[%emt 0:02:13]} 31. Re6 {[%emt 0:00:44]} Rd8 {[%emt 0:01:03]} 32. Ra6 {[%emt 0:00:50]} Qh5 {[%emt 0:01:48]} 33. h4 {[%emt 0:02:33]} Nf5 {[%emt 0:05:39]} 34. Bg5 {[%emt 0:01:39]} Nd4 {[%emt 0:00:07]} 35. Bxd8 {[%emt 0:04:44]} Qg4 {[%emt 0:01:31]} 36. Kf1 {[%emt 0:02:04]} Bg3 {[%emt 0:01:01]} 37. Ra1 {[%emt 0:01:50]} Qf5 {[%emt 0:00:51]} 38. Rf6 {[%emt 0:00:37]} Rxf6 {[%emt 0:00:17]} 39. Bxf6 {[%emt 0:00:05]} Qxf6 {[%emt 0:00:07]} 40. Qxc5 {[%emt 0:00:00]} Bd6 {[%emt 0:00:00]} 41. Qc8+ {[%emt 0:04:25]} Kg7 {[%emt 0:01:06]} 42. Ra7+ {[%emt 0:00:28]} Kh6 {[%emt 0:00:22]} 43. Qd7 {[%emt 0:00:52]} 1-0

[Event "FIDE WCC 2018"]
[Site "Khanty-Mansiysk"]
[Date "2018.11.10"]
[Round "3.2"]
[White "Lei, Tingjie"]
[Black "Galliamova, Alisa"]
[Result "1/2-1/2"]
[WhiteElo "2457"]
[BlackElo "2432"]
[Annotator "RC"]
[PlyCount "43"]
[EventDate "2018.11.03"]
[EventType "k.o."]
[EventCountry "RUS"]
[SourceTitle "playchess.com"]
[Source "ChessBase"]
[SourceQuality "1"]
[TimeControl "40/5400+30:1800+30"]

1. e4 {[%emt 0:00:00]} e5 {[%emt 0:00:00]} 2. Nf3 {[%emt 0:00:00]} Nc6 {[%emt 0:00:00]} 3. Bb5 {[%emt 0:00:13]} g6 {[%emt 0:00:00]} 4. c3 {[%emt 0:00:34]} a6 {[%emt 0:00:00]} 5. Ba4 {[%emt 0:00:06]} Bg7 {[%emt 0:00:04]} 6. d4 {[%emt 0:00:04]} exd4 {[%emt 0:00:06]} 7. cxd4 {[%emt 0:00:04]} b5 {[%emt 0:00:07]} 8. Bb3 {[%emt 0:00:08]} Nge7 {[%emt 0:00:53]} 9. d5 {[%emt 0:00:17]} Na5 {[%emt 0:00:33]} 10. Bd2 {[%emt 0:00:12]} Nxb3 {[%emt 0:00:23]} 11. Qxb3 {[%emt 0:00:05]} c5 {[%emt 0:01:20]} 12. dxc6 {[%emt 0:00:06]} O-O {[%emt 0:01:09]} 13. Bc3 {[%emt 0:12:30]} Bxc3+ {[%emt 0:00:25]} 14. Qxc3 {[%emt 0:01:28]} Nxc6 {[%emt 0:00:52]} 15. Nbd2 {[%emt 0:02:21]} Bb7 {[%emt 0:02:55]} 16. O-O {[%emt 0:02:54]} d6 {[%emt 0:07:41]} 17. a4 {[%emt 0:08:10]} bxa4 {[%emt 0:05:26]} 18. Nc4 {[%emt 0:03:14]} Rc8 {[%emt 0:33:27]} 19. Qe3 {[%emt 0:42:17]} Nb4 {[%emt 0:19:14]} 20. b3 {[%emt 0:21:08]} Qe7 {[%emt 0:19:15]} 21. Rxa4 {[%emt 0:01:40]} d5 {[%emt 0:01:07]} 22. exd5 {[%emt 0:02:35]} 1/2-1/2

[Event "FIDE WCC 2018"]
[Site "Khanty-Mansiysk"]
[Date "2018.11.11"]
[Round "3.3"]
[White "Muzychuk, Anna"]
[Black "Stefanova, Antoaneta"]
[Result "1/2-1/2"]
[WhiteElo "2564"]
[BlackElo "2490"]
[Annotator "TA"]
[PlyCount "75"]
[EventDate "2018.11.03"]
[EventType "k.o."]
[EventCountry "RUS"]
[SourceTitle "playchess.com"]
[Source "ChessBase"]
[SourceQuality "1"]

{[%evp 11,75,-6,7,9,6,0,8,13,25,24,34,6,11,-3,0,-29,-29,-34,-27,-53,-45,-41,-50,-58,-12,-13,45,45,56,21,46,33,64,55,70,70,105,91,104,67,110,96,184,181,352,344,470,293,268,94,80,104,119,0,0,0,0,0,0,0,4,12,4,0,0,0]} 1. e4 e5 2. Nf3 Nc6 3. Bb5 Nf6 4. d3 Bc5 5. O-O d6 6. Be3 Bb6 {LiveBook: 27 Games. C65: Ruy Lopez: Berlin Defence (3...Nf6), unusual lines and 4 0-0 Bc5} 7. c4 O-O 8. Bxc6 {Hoping for Ba4.} bxc6 9. c5 Bxc5 10. Bxc5 dxc5 11. Qc2 Qd6 12. Nbd2 Ba6 13. Nc4 Bxc4 $1 14. Qxc4 {[#]} a5 $146 15. Rac1 Nd7 16. Nd2 a4 17. Qc3 Qe6 18. Nc4 f5 (18... f6 $11) 19. exf5 $14 Rxf5 20. Rce1 Raf8 21. Re4 {[%mdl 1024] White has compensation.} Qf7 {[%cal Rf5f2]} 22. f3 Rg5 23. a3 Qg6 24. Qc2 Qh5 25. Qe2 Rf6 26. Ne3 Nb6 (26... Rf4 $16) 27. h4 $18 Rg3 $2 (27... Rgg6 28. Ng4 Rf8 29. Nxe5 Rd6) 28. Ng4 Rf5 29. Qe1 Qxh4 30. Nf6+ $2 ({Don't play} 30. Rxe5 $6 Rxe5 31. Qxe5 h5 $16) (30. Ne3 $1 $18 {is the precise move to win.} Qh3 31. Rh4 $1 {[%mdl 512]} Qxh4 32. Nxf5 Rxg2+ 33. Kxg2 Qg5+ 34. Ng3) 30... Qxf6 $16 31. Qxg3 Nd5 {[#]} 32. Rxa4 (32. Qh4 $1 $16) 32... Nf4 $11 {Strongly threatening ...Ne2+.The position is equal.} 33. Qf2 Rg5 34. Rxf4 $1 ({Avoid the trap} 34. Ra8+ $2 Kf7 $19) 34... exf4 35. Re1 h5 36. Re4 Rd5 37. Qd2 Qd6 38. Qxf4 {Precision: White = 35%, Black = 41%.} 1/2-1/2

[Event "FIDE WCC 2018"]
[Site "Khanty-Mansiysk"]
[Date "2018.11.11"]
[Round "3.3"]
[White "Kosteniuk, Alexandra"]
[Black "Harika, Dronavalli"]
[Result "1-0"]
[WhiteElo "2543"]
[BlackElo "2498"]
[Annotator "TA"]
[PlyCount "127"]
[EventDate "2018.11.03"]
[EventType "k.o."]
[EventCountry "RUS"]
[SourceTitle "playchess.com"]
[Source "ChessBase"]
[SourceQuality "1"]

{[%evp 20,127,33,6,6,8,39,44,42,30,60,47,36,41,47,42,46,42,50,44,56,39,39,25,39,41,72,70,70,71,69,69,77,73,88,95,107,118,121,84,84,81,76,76,74,74,80,75,76,69,106,35,36,37,56,54,59,54,58,50,38,38,38,41,62,64,64,64,80,78,100,98,104,87,113,113,113,113,120,118,129,113,221,175,463,50,175,175,175,175,175,175,175,175,190,188,5494,5222,29987,29988,29988,29989,29989,29990,29990,29991,29991,29992,29996,29997]} 1. e4 e6 2. d4 d5 3. Nd2 c5 4. exd5 exd5 5. Ngf3 Nc6 6. Bb5 cxd4 7. O-O Bd6 8. Nb3 Nge7 9. Nbxd4 O-O 10. Bg5 Qc7 11. h3 {LiveBook: 4 Games. C09: French Tarrasch: 3...c5 4 exd5 exd5 5 Ngf3 Nc6} h6 (11... a6 12. Bd3 h6 13. Be3 Bd7 14. c3 Rae8 15. Nxc6 bxc6 16. Bxa6 Nf5 17. Bc1 Qb6 18. Bd3 Ng3 {1-0 (44) Naiditsch,A (2676)-Jussupow,A (2600) Ajaccio 2006}) 12. Be3 Ne5 $146 ({Predecessor:} 12... a6 13. Bd3 Nb4 14. c3 Nxd3 15. Qxd3 Bd7 16. Rfe1 Rfe8 17. Rad1 Rad8 18. Nh4 Bh2+ {1-0 (42) Rodriguez,D (2465)-Sherzer,A (2330) Saint John 1988}) 13. Nxe5 {White is slightly better.} Bxe5 14. c3 Nc6 15. Nf3 Rd8 16. Qd3 Bf6 17. Ba4 Ne7 18. Nd4 Qc4 19. Qd1 Nf5 20. Nxf5 Bxf5 21. Bb3 Qh4 22. Re1 Rd7 23. Qf3 $36 {[%mdl 2048] White fights for an advantage.} Be4 24. Qg4 Qxg4 25. hxg4 b5 26. Rad1 a5 {[#] Threatens to win with ...a4.} 27. f3 Bg6 28. Rxd5 Re7 29. Bf2 ({Avoid the trap} 29. Rxb5 $2 Bh4 $19) 29... a4 30. Bd1 a3 31. bxa3 {Strongly threatening Rxe7.} ({Reject} 31. Rxb5 $6 Rd7 $15) 31... Rxe1+ 32. Bxe1 Rxa3 33. Bb3 Bb1 34. Rd2 Kh7 35. Re2 (35. c4 $16 bxc4 36. Bxc4) 35... Bd3 $14 36. Bc2 Bxc2 37. Rxc2 {[%mdl 4096] Endgame KRB-KRB} Be5 38. Kf2 Kg6 39. Ke2 f5 40. gxf5+ Kxf5 41. Bd2 h5 42. Rb2 Ra5 43. Kd3 g6 44. Kc2 Ke6 45. Kb1 Bf6 46. Rb3 Kd7 {[#]} 47. c4 $1 {[%mdl 512]} bxc4 {White must now prevent ...Rd5.} 48. Bxa5 cxb3 49. axb3 $16 {KB-KB} Ke6 50. Kc2 Kf5 (50... Kd5 $16 {might work better.} 51. Bd2 Bh4) 51. Kd3 g5 $2 (51... Bh4 {was necessary.} 52. Kc4 Bf6) 52. Bc7 $2 (52. b4 $18) 52... g4 ({Better is} 52... Be7 $14 53. Kc3 Ke6) 53. fxg4+ $18 Kxg4 54. b4 Be7 55. b5 Bc5 56. Kc4 Ba7 57. Be5 {Hoping for Bd4.} h4 $2 (57... Bb6 58. Bd4 Ba5) 58. Bd4 Bxd4 59. Kxd4 {KPP-KP. White mates.} Kg3 60. b6 Kxg2 61. b7 h3 62. b8=Q h2 63. Qb2+ Kg1 64. Ke3 {Precision: White = 73%, Black = 42%.} 1-0

[Event "FIDE WCC 2018"]
[Site "Khanty-Mansiysk"]
[Date "2018.11.11"]
[Round "3.3"]
[White "Abdumalik, Zhansaya"]
[Black "Zawadzka, Jolanta"]
[Result "1-0"]
[WhiteElo "2473"]
[BlackElo "2407"]
[Annotator "TA"]
[PlyCount "75"]
[EventDate "2018.11.03"]
[EventType "k.o."]
[EventCountry "RUS"]
[SourceTitle "playchess.com"]
[Source "ChessBase"]
[SourceQuality "1"]

{[%evp 18,75,29,8,39,-23,72,77,68,69,94,78,121,124,177,185,234,202,231,211,377,368,333,234,510,495,420,425,468,330,416,419,359,291,557,559,541,533,810,807,785,728,869,852,850,832,812,810,795,778,1000,964,1299,1225,2337,2009,29988,29988,29992,29989]} 1. e4 d5 2. exd5 Qxd5 3. Nc3 Qd6 4. d4 Nf6 5. Nf3 Bg4 6. h3 Bh5 {B01: Scandinavian Defence} 7. g4 Bg6 8. Ne5 Nbd7 9. Nc4 Qe6+ 10. Ne3 {LiveBook: 3 Games. With the idea f4.} O-O-O $146 ({Predecessor:} 10... h5 11. g5 Ne4 12. Bg2 Nb6 13. Qf3 Nd6 14. a4 {1-0 (29) Iordachescu,V (2599)-Tiviakov,S (2650) Nakhchivan 2013}) 11. Bg2 ({White should play} 11. f4 $14) 11... h5 (11... Qa6 $11 {remains equal.}) 12. g5 $16 Ne4 13. Qf3 $40 {[%cal Rc3e4][%mdl 128] White has some attack.} f5 14. O-O c6 15. h4 Nxc3 (15... Qf7 $16) 16. bxc3 $18 Nb6 17. Bh3 {[%cal Re3f5]} Qf7 18. a4 {[%cal Ba2a4,Ba4a5][%mdl 32]} ({Stronger than} 18. Bxf5+ e6 $11) 18... e6 $2 {[#]} (18... Nc4 19. a5 (19. Bxf5+ e6 $16) 19... Nxe3 20. fxe3 (20. Bxe3 Qd5 $16) 20... a6) 19. a5 Nd5 20. Nc4 {aiming for Ne5.} Bd6 $2 (20... Qc7 {might work better.} 21. Re1 Bf7) 21. Nxd6+ Rxd6 22. c4 {[%cal Bc3c4,Bc4c5][%mdl 32]} Nc7 23. c3 Na6 24. Bf4 Rd7 25. Be5 Re8 $2 {[#]} (25... f4 26. Rfe1 (26. Qxf4 Qxf4 27. Bxf4 Rf8 $16) 26... Bf5) 26. Qf4 Kd8 27. c5 Qg8 28. Rfb1 Ke7 29. Rb2 Ra8 30. Rab1 Qc8 31. Bf1 Nc7 32. Rxb7 Nd5 33. Rxd7+ Qxd7 34. Qd2 f4 35. Bd3 Bxd3 36. Qxd3 Kf8 37. Qh7 Qf7 38. Rb7 {Precision: White = 77%, Black = 22%.} 1-0

[Event "FIDE WCC 2018"]
[Site "Khanty-Mansiysk"]
[Date "2018.11.11"]
[Round "3.3"]
[White "Pogonina, Natalija"]
[Black "Lagno, Kateryna"]
[Result "1/2-1/2"]
[WhiteElo "2465"]
[BlackElo "2556"]
[Annotator "TA"]
[PlyCount "92"]
[EventDate "2018.11.03"]
[EventType "k.o."]
[EventCountry "RUS"]
[SourceTitle "playchess.com"]
[Source "ChessBase"]
[SourceQuality "1"]

{[%evp 19,92,28,30,3,35,11,43,42,43,44,49,29,29,31,50,15,35,40,43,45,48,50,44,35,43,35,45,48,47,47,101,101,101,101,101,101,101,101,101,101,101,101,117,113,125,121,116,115,128,110,152,151,156,152,167,142,145,0,129,129,127,100,178,146,145,106,139,0,0,0,20,0,0,0,40]} 1. d4 Nf6 2. c4 g6 3. g3 Bg7 4. Bg2 O-O 5. Nc3 d6 6. Nf3 Nc6 7. O-O e5 8. dxe5 dxe5 9. Bg5 Be6 10. Qc1 {E62: King's Indian: Fianchetto: 6...c6 and Panno Variation (6...Nc6) without ...a6} Qc8 {LiveBook: 22 Games} 11. b3 Bg4 $146 ({Predecessor:} 11... Nd7 12. Bh6 f6 13. Bxg7 Kxg7 14. Nd2 Nd8 15. Rd1 f5 16. Qa3 Nf7 17. Na4 c6 {½-½ (45) Cernousek,L (2450)-Najer,E (2693) Czech Republic 2018}) 12. Bh6 {White is slightly better.} Rd8 13. Bxg7 Kxg7 14. Qe3 Qe6 15. Rad1 h6 16. Nd5 Rac8 17. Rd2 (17. Nh4 {is more complex.} g5 18. Nxf6 Qxf6 19. Bxc6 bxc6 20. Nf3) 17... Bxf3 18. Bxf3 Nd4 19. Nxf6 {[#] And now Ng4 would win.} Nxf3+ 20. exf3 Qxf6 21. Rfd1 Rxd2 22. Rxd2 $14 {[%mdl 4096] Endgame KQR-KQR} Re8 23. Rd7 Qc6 24. Rd5 Qb6 (24... Qf6 $1 $14) 25. Rxe5 Qxe3 26. Rxe3 $16 {KR-KR} Rd8 27. Re7 Rc8 28. f4 Kf6 29. Rd7 Ke6 30. Rd2 (30. Rd3 {keeps more tension.} c5 31. Kg2 f5 32. Kf3 b6 33. g4) 30... h5 31. Kg2 a6 32. Kf3 Rb8 33. Ke4 f5+ 34. Ke3 Re8 35. Rd5 Kf6+ 36. Kd2 Re6 37. Rd7 Re7 38. Rd5 ({White should play} 38. Rd8 $16) 38... Ke6 (38... Re6 $1 $11) 39. Kc3 Kf6 40. Rd2 a5 (40... h4 $16) 41. c5 Re1 42. Kc4 c6 43. a4 (43. Rd6+ $16 Kf7 44. Rd7+ Ke6 45. Rxb7) 43... Rc1+ $11 {The position is equal.} 44. Kd4 Rb1 45. Kc4 {Black must now prevent Rd6+.} Rc1+ 46. Kd4 Rb1 {Precision: White = 60%, Black = 36%.} 1/2-1/2

[Event "FIDE WCC 2018"]
[Site "Khanty-Mansiysk"]
[Date "2018.11.11"]
[Round "3.3"]
[White "Tokhirjonova, Gulrukhbegim"]
[Black "Gunina, Valentina"]
[Result "1-0"]
[WhiteElo "2435"]
[BlackElo "2497"]
[Annotator "TA"]
[PlyCount "143"]
[EventDate "2018.11.03"]
[EventType "k.o."]
[EventCountry "RUS"]
[SourceTitle "playchess.com"]
[Source "ChessBase"]
[SourceQuality "1"]

{[%evp 17,143,0,-1,-47,6,8,26,43,49,51,66,58,115,111,121,108,127,113,128,122,116,111,115,85,218,204,206,197,302,298,285,276,277,176,235,231,370,304,316,318,316,308,317,265,320,318,306,293,372,252,235,209,307,310,309,307,317,315,312,284,284,283,398,397,405,397,427,354,355,355,362,335,545,509,971,971,1056,1014,962,765,1313,1291,1313,1255,1265,962,962,870,1057,1495,844,1416,1360,1051,29969,4137,4137,4137,4137,2739,2989,2384,2297,1936,4137,4137,4137,4137,29969,4133,4116,3647,2412,2282,1781,1585,1504,1595,29983,29984,29983,29984,29985,29983,29986,29987,29987,29988]} 1. e4 c6 2. d4 d5 3. e5 Bf5 4. h4 h5 5. c4 e6 6. Nc3 Ne7 7. Nge2 {B12: Caro-Kann: Advance Variation} Nd7 8. Ng3 Bg6 9. Bg5 Qb6 {LiveBook: 18 Games} 10. Rc1 (10. Na4 $5 {[%cal Ra4b6]} Qd8 11. Be2 $11) 10... dxc4 ({Better is} 10... Qxb2 $15 11. Qb3 Qxb3 12. axb3 Nf5 13. Nxf5 Bxf5 14. cxd5 exd5) 11. Bxc4 $11 O-O-O $146 {[#] Strongly threatening ...Nxe5!} ({Predecessor:} 11... Nf5 12. Nxf5 Bxf5 13. O-O Be7 14. Bxe7 Kxe7 {1-0 (42) Sutovsky,E (2673)-Muzychuk,M (2540) Caleta 2018}) 12. Na4 Qc7 13. O-O f6 14. Be3 fxe5 (14... Nd5 $14) 15. Bxe6 $16 Kb8 16. Qb3 exd4 17. Bxd4 {Bxd7 is the strong threat.} Nc8 18. Rfd1 Bd6 19. Bxg7 Rhe8 20. Bh3 Bf4 (20... Ka8 $16) 21. Rxd7 $18 Rxd7 22. Nc5 Ka8 (22... Bxc1 $142 23. Bxd7 Re1+ 24. Nf1 Ka8) 23. Bxd7 Bxc1 24. Bxe8 Bxe8 25. Qc3 b6 (25... Bf4 $142 26. Ne6 Qf7) 26. Be5 Qe7 (26... Bd2 {was worth a try.}) 27. Nd3 (27. Qxc1 Qxe5 28. Nce4 Ne7 $16) 27... Bh6 28. Nf5 Qe6 29. Nxh6 Qxh6 30. Qd4 Qe6 31. Bg3 Kb7 32. Qf4 c5 33. Qc7+ Ka6 34. Qxc5 {Nb4+ would kill now.} bxc5 (34... Qe1+ $142 35. Nxe1 bxc5) 35. Nxc5+ Kb5 36. Nxe6 {[%mdl 4096] Endgame Hoping for Nc7+. KBN-KBN} Bf7 37. Ng7 Nb6 38. Be5 Nc4 39. Bd4 a5 (39... Nd6 $142 40. a3 Bg6) 40. f3 Kc6 41. Kf2 a4 42. b3 axb3 43. axb3 Nd6 44. b4 Kb5 $2 (44... Ne8 45. Nf5 Kd5) 45. Bc5 Nc4 (45... Nb7 $142 46. g4 hxg4 47. fxg4 Nxc5 48. bxc5 Kxc5) 46. g4 hxg4 47. fxg4 Kc6 48. h5 Kd5 49. Kg3 Ke5 50. b5 Nd2 51. Ba7 Ne4+ 52. Kf3 Bd5 53. Ke3 Kf6 54. h6 Kg6 55. Nf5 Nf6 56. Kf4 (56. Ne7+ $142 Kxh6 57. Kf4 Bc4 58. g5+ Kg7 59. Nf5+ Kg6 60. gxf6 Kxf6 61. b6) 56... Bc4 57. b6 Ba6 58. Ne7+ Kh7 59. g5 Nd7 60. Kf5 Bb7 61. Ke6 Nc5+ 62. Kf7 Ba6 {[#]} 63. Bb8 (63. b7 $142 $1 Nxb7 (63... Bxb7 64. g6+) 64. Be3 Bd3 65. g6+ Bxg6+ 66. Nxg6 Nd8+ 67. Ke7 Kxg6 68. Kxd8) 63... Bc4+ 64. Ke8 Bb5+ 65. Kd8 Ne6+ 66. Kc8 Nxg5 67. Bf4 (67. b7 Kxh6 68. Kc7 Ba6 $11) 67... Nf7 68. Kc7 {White mates.} Ba6 69. Nd5 ({Less strong is} 69. b7 Bxb7 70. Kxb7 Nxh6 $14) 69... Nh8 70. Nb4 ({Weaker is} 70. b7 Bxb7 71. Kxb7 Nf7 $14) 70... Ng6 71. Nxa6 Nxf4 72. b7 {Precision: White = 82%, Black = 31%.} 1-0

[Event "FIDE WCC 2018"]
[Site "Khanty-Mansiysk"]
[Date "2018.11.11"]
[Round "3.3"]
[White "Galliamova, Alisa"]
[Black "Lei, Tingjie"]
[Result "0-1"]
[WhiteElo "2432"]
[BlackElo "2457"]
[Annotator "TA"]
[PlyCount "116"]
[EventDate "2018.11.03"]
[EventType "k.o."]
[EventCountry "RUS"]
[SourceTitle "playchess.com"]
[Source "ChessBase"]
[SourceQuality "1"]

{[%evp 19,116,0,0,0,23,8,22,2,88,74,106,93,105,97,134,140,133,125,135,127,157,115,133,82,94,96,96,78,101,59,63,64,40,46,82,97,91,91,84,35,43,6,14,26,18,-14,-11,-127,-124,-123,-35,-25,-32,-40,-46,-732,-735,-1342,-776,-755,-740,-751,-739,-697,-647,-740,-783,-712,-691,-837,-837,-782,-635,-1316,-536,-536,-534,-500,-422,-2157,-2082,-29968,-29969,-6612,-5718,-2562,-2481,-2048,-1764,-2876,-2385,-2708,-2617,-29979,-29980,-29982,-29982,-29983,-29983]} 1. Nf3 Nf6 2. g3 g6 3. Bg2 Bg7 4. d4 d5 5. c4 c6 6. Qb3 O-O 7. O-O Qb6 8. Nc3 Rd8 9. Bd2 {D78: Fianchetto Grünfeld: 6 0-0 c6} dxc4 10. Qxc4 Be6 {LiveBook: 3 Games} 11. Qa4 {The position is equal.} Na6 12. e4 $146 ({Predecessor:} 12. Qa3 Qb4 13. Qxb4 Nxb4 14. Rfc1 Nbd5 15. Na4 Ne4 16. Ba5 b6 {½-½ (40) Rakhmanov,A (2647)-Soysal,S (2404) Kragujevac 2018}) 12... Bg4 13. Be3 Qb4 ({Of course not} 13... Qxb2 $6 14. Rfc1 $14) (13... Ne8 $11 {keeps the balance.}) 14. Qc2 $1 $16 Rac8 15. a3 Qa5 16. h3 Be6 17. b4 Qc7 18. Rfd1 h6 19. Rac1 Qd7 20. Ne5 Qe8 21. Qe2 (21. Ne2 $142) 21... Bb3 22. Rd2 Nd7 23. f4 Nxe5 24. fxe5 Nc7 25. Rb1 Be6 26. g4 Nb5 27. Nxb5 cxb5 28. d5 Bd7 29. Bxa7 {And now e6! would win.} Bxe5 30. Bb6 Rc4 31. Bxd8 Qxd8 32. Rc2 Qb6+ 33. Kf1 (33. Kh1 $11) 33... Qf6+ $1 $17 {[%mdl 1024] Black has strong compensation.} 34. Kg1 {[#]} Qf4 (34... Bxg4 $1 $17 {[%mdl 512]} 35. Qd2 (35. hxg4 $2 Bd4+ 36. Kh2 Qh4+ 37. Bh3 Be5+ 38. Kg1 Qxh3 $19) (35. Qxg4 Rxc2) 35... Bd4+ 36. Kh1 Bxh3 37. Bxh3 Qh4 38. Rxc4 Qxh3+ 39. Qh2 Qf3+ 40. Qg2 Qh5+ 41. Qh2 Qxh2+ 42. Kxh2 bxc4) 35. Rb3 $1 $15 Qh2+ 36. Kf2 Bd4+ 37. Kf3 $2 {[%mdl 8192] [#]} (37. Ke1 $15) 37... g5 $1 {[%csl Gg5][%cal Rh2f4][%mdl 512]} 38. Qd3 Rxc2 39. Qxc2 Qf4+ 40. Ke2 Qf2+ 41. Kd1 Qg1+ 42. Ke2 Qxg2+ 43. Kd3 Qg1 {[%csl Gd4][%cal Rg1e3]} 44. Qd2 Be5 45. Kc2 Qa1 46. Rd3 Qa2+ (46... Bf4 $142 47. Re3 e6) 47. Kd1 $19 Qb1+ 48. Ke2 Qh1 {Hoping for ...Bf4.} 49. Rf3 (49. Qe3 $142) 49... Qg2+ 50. Rf2 Qxh3 51. Qd3 Bxg4+ 52. Kd2 Qxd3+ 53. Kxd3 h5 {[%cal Bh6h5,Bh5h4,Bh4h3,Bh3h2][%mdl 32]} 54. Ke3 f6 55. Ra2 h4 56. a4 bxa4 {Black mates.} 57. Rxa4 h3 58. Ra2 h2 {Precision: White = 42%, Black = 60%.} 0-1